La teoría política del individualismo posesivo: de Hobbes a Locke

Saved in:
Bibliografiske detaljer
Hovedforfatter: Macpherson, Crawford Brough (autor)
Format: Bog
Sprog:spansk
Udgivet: Madrid Trotta 2005
Udgivelse:1a. ed
Fag:
Tags: Tilføj Tag
Ingen Tags, Vær først til at tagge denne postø!

MARC

LEADER 00000cam a2200000 a 4500
001 UCE9992
003 CL-VaPUC
008 151112e20050000sp |||||||||||||||||spa|d
020 |a 8481646008 
082 0 4 |a 320.011  |b MAC  |2 21 
100 |a Macpherson, Crawford Brough  |e autor  |9 592334 
245 1 3 |a La teoría política del individualismo posesivo: de Hobbes a Locke 
250 |a 1a. ed 
300 |a 313 p 
942 |c BK 
945 |d 20151112 20:22:00  |a dcastane 
260 |a Madrid  |b Trotta  |c 2005 
650 7 |a TEORIA POLITICA  |2 CL-VaPUC  |9 582978 
650 7 |a FILOSOFIA POLITICA  |2 CL-VaPUC  |9 582979 
650 0 |a Liberalismo  |9 255715 
650 0 |a Individualismo  |9 313336 
583 |a last modification  |c 20151112 20:22:00  |k Rodrigo Vera 
999 |c 361626  |d 361624 
952 |0 0  |1 0  |3 erb  |4 0  |6 320_011000000000000_MAC_2005  |7 0  |8 A  |9 472226  |a BIBEDU  |b BIBEDU  |i 5249910  |o 320.011 MAC 2005  |p 5249910  |r 2019-11-24  |w 2019-11-24  |y BK  |z Catalogado en:20151112  |k FIL